00275nam a2200121Ia 45000030006000000080041000060400015000471000012000622450032000742600018001065460012001240050017001360STCL150530s9999 xx 000 0 und d aSTCLcSTCL aDickens aTreasury of Charles Dickens bOctopusc1985 aEnglish20220125171048.0